| 000 | 00565nam a2200169 4500 | ||
|---|---|---|---|
| 001 | 140493 | ||
| 003 | ES-MaACL | ||
| 005 | 20230906200105.0 | ||
| 007 | t| | ||
| 008 | 070214s1961 sp r ||||1| spa d | ||
| 100 | 1 |
_aSeabrook, William Buehler ( _d1886-1945) _9104980 |
|
| 245 | 1 | 4 |
_aLos secretos de la selva africana / _cWilliam Buehler Seabrock ; traducción de Montserrat Cañameras. |
| 260 |
_aBarcelona : _bMiguel Arimany, _c1961. |
||
| 300 |
_a254 p., 16 lám. ; _c21 cm. |
||
| 700 | 1 |
_aCañameras, Montserrat. _934732 |
|
| 852 |
_aES-MaACL _jB-8110 _bR.47966 |
||
| 999 |
_c140493 _d140493 |
||